000 01005nac a22002657a 4500
001 BR4600005
003 BR-BrBNA
005 20240105112840.0
008 230509b bl.|||m| |||| 00| 0 por d
040 _aBR-BrBNA
_bpor
_cBiblioteca Nacional de Agricultura
072 _aL10
090 _a8140 BR4600005
100 1 _aGodoi, M.P. de
110 1 _aMinisterio da Agricultura, Rio de Janeiro, GB (Brasil). Div. de Caca e Pesca
245 1 _aA piracema de 1944/1945 no Rio Mogi Guassu, Cachoeira de Emas [Eficiencia reprodutiva; Peixe de agua doce]
_bSeparata do Boletim do Ministerio da Agricultura - marco de 1945
260 3 _aRio de Janeiro, GB (Brasil):
_c1946.
300 _a7 p.
490 _aS.D.A. - Ministerio da Agricultura. Servico de Documentacao (Brazil)
_vno. 208a
_x
500 _a8 ref.
650 _aMelhoramento genetico animal
650 _aEficiencia reprodutiva
650 _aPeixe de agua doce
909 _a202312
_bLúcia Elande
_c55
_dLúcia Elande
942 _2AGRIS
_n0
_cMS
999 _c260589
_d260589